Accounting : the basis for business decisions

Bibliographic Details
Main Author: Meigs, Robert F
Format: Book
Published: New York : McGraw-Hill , 1990
Edition:8th edition
Subjects:

MARC

LEADER 00000cam a2200000 7i4500
001 0000005101
002 000005508
005 20000330.0
020 |a 0070422532 
090 0 0 |a 657   |b MEI 
100 1 |a Meigs, Robert F 
245 1 0 |a Accounting :   |b the basis for business decisions   |c Robert F. and Walter B 
250 |a 8th edition 
260 |a New York :   |b McGraw-Hill ,   |c 1990 
300 |a 219p. ;   |c 25cm. 
650 0 0 |a Accounting 
999 |a 037602   |b BUKU   |c PINJAMAN   |e PERPUSTAKAAN KOMUNITI PETALING JAYA